LeBron's Most Frequent Teammates - Statistics

General Stats
  • This quiz has been taken 693 times
  • The average score is 10 of 21
Answer Stats
Team(s) Position Years Answer % Correct
MIA, CLE SG, PG 2010-2014, 2017-2018 Dwyane Wade
96%
MIA C, PF 2010-2014 Chris Bosh
91%
CLE PF, C 2014-2018 Kevin Love
90%
CLE PG, SG 2014-2017 Kyrie Irving
89%
LAL C, PF 2019-2025 Anthony Davis
88%
CLE C 2003-2010 Zydrunas Ilgauskas
63%
CLE SG, SF 2015-2018 J.R. Smith
62%
CLE C, PF 2014-2018 Tristan Thompson
60%
MIA PG 2010-2014 Mario Chalmers
57%
LAL SG 2021-2025 Austin Reaves
51%
MIA PF, C 2010-2014 Udonis Haslem
46%
CLE C, PF 2004-2010, 2014-2016 Anderson Varejão
39%
MIA, CLE SF, SG 2010-2017 James Jones
34%
MIA, CLE SF, SG 2010-2015 Mike Miller
32%
MIA SF, SG 2011-2014 Shane Battier
30%
MIA PG 2011-2014 Norris Cole
21%
MIA C, PF 2010-2014 Joel Anthony
20%
CLE PF, C, SF 2003-2008 Drew Gooden
11%
CLE PG, SG 2006-2010 Daniel Gibson
10%
CLE PG, SG 2004-2008 Eric Snow
9%
CLE SG, SF 2004-2009 Sasha Pavlović
5%
No matching quizzes found
Score Distribution
Percent of People with Each Score
Percentile by Number Answered
Your Score History
You have not taken this quiz